Trading in knowledge : (Registro nro. 3536)
[ vista simple ]
| 000 -CABECERA | |
|---|---|
| Campo de control | 01443cam a2200277 i 4500 |
| 005 - FECHA Y HORA DE LA ULTIMA TRANSACCION | |
| Campo de control | 20200104041541.0 |
| 008 - ELEMENTOS DE LONGITUD FIJA—INFORMACION GENERAL | |
| Campo de control | 030528s2003 enk b 001 0 eng |
| 020 ## - ISBN | |
| ISBN | 1844070433 (hbk.) |
| 020 ## - ISBN | |
| ISBN | 1844070441 (pbk.) |
| 040 ## - FUENTE DE CATALOGACIÓN | |
| Agencia catalogadora original | DLC |
| Agencia transcriptora | DLC |
| Agencia Modificadora | DLC |
| -- | WaU |
| -- | CO-BoIAVH |
| 041 ## - IDIOMA | |
| Código de idioma para texto/pista de sonido o título separado | Inglés |
| 082 04 - NUMERO DE CLASIFICACION DECIMAL DEWEY | |
| Número de clasificación | 346.048 |
| Número del ítem | T76t |
| 245 00 - MENCION DE TITULO | |
| Título | Trading in knowledge : |
| Parte restante del título | development perspectives on TRIPS, trade, and sustainability / |
| Mención de responsabilidad | edited by Christophe Bellmann, Graham Dutfield, and Ricardo Melendez-Ortiz. |
| 260 ## - PUBLICACION, DISTRIBUCION, ETC. (PIE DE IMPRENTA) | |
| Lugar de publicación, distribución, etc. | London ; |
| -- | Sterling, VA : |
| Nombre del editor, distribuidor, etc. | Earthscan Publications, |
| Fecha de publicación, distribución, etc. | 2003. |
| 300 ## - DESCRIPCION FISICA | |
| Extensión | xvii, 358 páginas ; |
| Dimensiones | 23 cm. |
| 504 ## - NOTA DE BIBLIOGRAFIA, ETC. | |
| Nota de bibliografía | Incluye referencias bibliográficas e índice. |
| 505 0# - NOTA DE CONTENIDO | |
| Nota de contenido | TRIPS and development -- TRIPS and the international system on genetic resources -- The WIPO agenda -- Plant variety protection and patents on life forms -- TRIPS and public health -- IPRs and the protection of traditional knowledge -- Regional initiatives -- National legislative reforms. |
| 650 14 - ASIENTO SECUNDARIO DE MATERIA - TERMINO TEMATICO | |
| Término temático o nombre geográfico como elemento de entrada | Derecho de autor (Derecho internacional) |
| 9 (RLIN) | 58807 |
| 650 24 - ASIENTO SECUNDARIO DE MATERIA - TERMINO TEMATICO | |
| Término temático o nombre geográfico como elemento de entrada | Desarrollo sostenible |
| 9 (RLIN) | 278 |
| 700 1# - ASIENTO SECUNDARIO - NOMBRE PERSONAL | |
| Nombre personal | Bellmann, Christophe, |
| Fechas asociadas con el nombre | 1971-, |
| Término de relación | editor. |
| 9 (RLIN) | 58809 |
| 700 1# - ASIENTO SECUNDARIO - NOMBRE PERSONAL | |
| Nombre personal | Dutfield, Graham, |
| Término de relación | editor. |
| 9 (RLIN) | 58810 |
| 700 1# - ASIENTO SECUNDARIO - NOMBRE PERSONAL | |
| Nombre personal | Meléndez-Ortiz, Ricardo, |
| Término de relación | editor. |
| 9 (RLIN) | 14108 |
| 710 2# - ASIENTO SECUNDARIO - NOMBRE CORPORATIVO | |
| Nombre corporativo o de jurisdicción como elemento de entrada | International Centre for Trade and Sustainable Development. |
| 9 (RLIN) | 14557 |
| 856 41 - LOCALIZACION Y ACCESO ELECTRONICOS | |
| Especificación de los materiales | Tabla de contenido |
| Identificador Uniforme del Recurso | http://www.loc.gov/catdir/toc/ecip044/2003011359.html |
| 942 ## - ELEMENTOS ADICIONALES (KOHA) | |
| Sistema de clasificación | Dewey Decimal Classification |
| Tipo de ítem | Libro |
| Withdrawn status | Lost status | Sistema de Clasificación | Damaged status | No para préstamo | Colección | Inventariado | Ubicación Permanente | Ubicación actual | Fecha de adquisición | Fuente de Valor | Total Checkouts | Número topográfico | Inventario / Código de Barras | Date last seen | Date checked out | Ejemplar | Price effective from | Forma de adquisición | Tipo de material |
|---|---|---|---|---|---|---|---|---|---|---|---|---|---|---|---|---|---|---|---|
| Dewey Decimal Classification | General | Inventariado 2017 | Bogotá | Bogotá | 06/02/2004 | Amazon | 1 | LB-346.048 T76t | 015108 | 18/06/2015 | 02/06/2015 | Ej. 1 | 04/12/2012 | Libro | |||||
| Dewey Decimal Classification | General | Inventariado 2017 | Sala Fabio Quevedo | Sala Fabio Quevedo | 29/09/2006 | Amazon | LB-346.048 T76t | 023279 | 04/12/2012 | Ej. 2 | 04/12/2012 | Libro |